| 000 | 00664nam a2200277Ia 4500 | ||
|---|---|---|---|
| 005 | 20260324131409.0 | ||
| 008 | 008 260324s9999 xx 000 0 eng d | ||
| 020 | _a9780429123740 | ||
| 037 | _aEBOOK | ||
| 040 | _aCRL | ||
| 040 | _beng | ||
| 040 | _cCRL | ||
| 041 | _2eng | ||
| 041 | _aeng | ||
| 084 | _qCRL | ||
| 100 |
_aMiguel L. Cabrera; David E. Radcliffe _91185360 |
||
| 245 | 0 | _aModeling Phosphorus in the Environment | |
| 260 | _bTaylor and Francis | ||
| 260 | _c2006 | ||
| 365 | _a | ||
| 365 | _b400 | ||
| 856 | _uhttp://www.taylorfrancis.com/books/9780429123740 | ||
| 942 | _cEBOOK | ||
| 999 |
_c1782461 _d1782461 |
||